| 000 | 00386nam a22001697a 4500 | ||
|---|---|---|---|
| 005 | 20260413120328.0 | ||
| 008 | 160627b xxu||||| |||| 00| 0 eng d | ||
| 020 | _a81-7223-616-6 | ||
| 041 | _aeng | ||
| 082 | _b823.914 | ||
| 100 |
_aAlistair MacLean _93070 |
||
| 245 | _aFear Is the Key | ||
| 260 |
_bHarper Collins _c1963 |
||
| 300 | _a372 | ||
| 650 |
_afiction _98641 |
||
| 942 | _cBK | ||
| 999 |
_c4291 _d4290 |
||